| 000 | 00372nam a22001457a 4500 | ||
|---|---|---|---|
| 005 | 20171025095026.0 | ||
| 008 | 171025b xxu||||| |||| 00| 0 eng d | ||
| 041 | _aeng | ||
| 082 | _a153.43 | ||
| 100 |
_aJAIN, CA. AJAY _93984 |
||
| 245 |
_aQUESTION BANK PRACTICAL PROBLEMS AND SOLUTIONS _cCA AJAY JAIN |
||
| 260 |
_aDELHI _bAVJ INSTITUTE, |
||
| 300 | _a370p. | ||
| 942 | _cBK | ||
| 999 |
_c5623 _d5621 |
||